000 00619nam a2200193Ia 4500
003 GCL
008 140319s9999 xx 000 0 ara d
040 _aGCL /
_cGCL
082 0 4 _a193
_bب ف
100 1 _aبهاء جلال درويش
245 1 0 _aفلسفة نيقولاى هارتمان النظرية /
_cبهاء جلال درويش
300 _a390 ص
490 _aالهيئة العامة للاستعلامات
_v0
650 0 4 _aالفلاسفة الالمان
650 0 4 _aالفلسفة الالمانية
650 0 4 _aالفلاسفة - تراجم
650 0 4 _aهارتمان
942 _2ddc
_cBK
999 _c47736
_d47736